Name the Star Trek Actors Quiz Stats

 Plays Quiz not verified by Sporcle

Also try: Born in... 1980
Challenge
Share
Tweet
Score 0/8 Timer 00:30
0 Plays Today
% Correct
Kirk
88.9%
Spock
84.7%
McCoy
76.4%
Sulu
75%
Scott
73.6%
Uhura
73.6%
Chekov
70.8%
Khan
68.1%

You're not logged in!

Compare scores with friends on all Sporcle quizzes.
OR
Log In

You Might Also Like...

Show Comments

Extras

Created Aug 18, 2017ReportNominate
Tags:Star Trek Quiz

Top Quizzes Today


Score Distribution

Your Account Isn't Verified!

In order to create a playlist on Sporcle, you need to verify the email address you used during registration. Go to your Sporcle Settings to finish the process.

Report this User

Report this user for behavior that violates our Community Guidelines.

Details: